Organizacija in negotovosti v digitalni dobi konferenčni zbornik : 37. mednarodna konferenca o razvoju organizacijskih znanosti : 21. - 23. marec 2018, Portorož, Slovenija
Salvato in:
| Enti autori: | , |
|---|---|
| Altri autori: | , , , , |
| Natura: | Libro |
| Lingua: | sloveno inglese |
| Pubblicazione: |
Maribor
Univerzitetna založba Univerze v Mariboru
2018
|
| Edizione: | 1. izdaja |
| Soggetti: | |
| Tags: |
Nessun Tag, puoi essere il primo ad aggiungerne!!
|
MARC
| LEADER | 00000nlm a2200000 4500 | ||
|---|---|---|---|
| 001 | 0241757 | ||
| 005 | 20240104132109.9 | ||
| 020 | |a 978-961-286-146-9 | ||
| 041 | 0 | |a slv | |
| 041 | 0 | |a eng | |
| 044 | |a SI | ||
| 245 | 1 | 0 | |a Organizacija in negotovosti v digitalni dobi |b konferenčni zbornik : 37. mednarodna konferenca o razvoju organizacijskih znanosti : 21. - 23. marec 2018, Portorož, Slovenija |c uredniki/Editors: Olja Arsenijević ... [et al.] ; recenzijski odbor/Reviewers Committee: Alenka Baggia ... [et al.] |
| 250 | |a 1. izdaja | ||
| 264 | 1 | |a Maribor |b Univerzitetna založba Univerze v Mariboru |c 2018 | |
| 300 | |a online [1284 s.] | ||
| 610 | 2 | 0 | |a digitalizácia |
| 610 | 2 | 0 | |a spoločnosť informačná |
| 610 | 2 | 0 | |a kríza hospodárska |
| 610 | 2 | 0 | |a kríza finančná |
| 610 | 2 | 0 | |a veda |
| 700 | 1 | |a Arsenijević, Olja | |
| 700 | 1 | |a Podbregar, Iztok | |
| 700 | 1 | |a Šprajc, Polona | |
| 700 | 1 | |a Baggia, Alenka | |
| 700 | 1 | |a Bernik, Mojca | |
| 110 | 2 | |a Organizacija in negotovosti v digitalni dobi. Mednarodna konferenca o razvoju organizacijskih znanosti | |
| 710 | 2 | |a Univerza v Mariboru. Fakulteta za organizacijske vede | |